Arsenal 2020/21 Squad - Statistics

General Stats
  • This quiz has been taken 54 times
  • The average score is 25 of 31
Answer Stats
Number Position Nation Player % Correct
1 GK Germany Bernd Leno
100%
34 MF Switzerland Granit Xhaka
98%
7 MF England Bukayo Saka
96%
2 DF Spain Hector Bellerin
96%
3 DF Scotland Kieran Tierney
96%
14 FW Gabon Pierre-Emerick Aubameyang
96%
9 FW France Alexandre Lacazette
93%
23 DF Brazil David Luiz
91%
25 MF Egypt Mohamed Elneny
91%
19 FW Ivory Coast Nicolas Pepe
91%
18 MF Ghana Thomas Partey
91%
6 DF Brazil Gabriel Magalhaes
89%
35 FW Brazil Gabriel Martinelli
87%
8 MF Spain Dani Ceballos
82%
31 ( Out on Loan ) DF Bosnia-Herzegovina Sead Kolasinac
82%
20 DF Germany Shkodran Mustafi
82%
17 DF Portugal Cedric Soares
80%
11 ( Out on Loan ) MF Uruguay Lucas Torreira
80%
32 MF England Emile Smith Rowe
78%
16 DF England Rob Holding
78%
4 ( Out on Loan ) DF France William Saliba
78%
29 ( Out on Loan ) MF France Matteo Guendouzi
71%
22 DF Spain Pablo Mari
71%
12 FW Brazil Willian
71%
30 FW England Eddie Nketiah
69%
21 DF England Calum Chambers
64%
13 GK Iceland Runar Alex Runarsson
64%
15 MF England Ainsley Maitland-Niles
60%
33 GK Australia Mathew Ryan
60%
28 MF England Joe Willock
53%
24 FW England Reiss Nelson
53%
No matching quizzes found
Score Distribution
Percent of People with Each Score
Percentile by Number Answered
Your Score History
You have not taken this quiz